| 000 | 00431nab a2200145Ia 4500 | ||
|---|---|---|---|
| 003 | ES-SlBCS | ||
| 005 | 20210601131724.0 | ||
| 008 | 140529s1952 xxu||||| |||| 00| 0 fre d | ||
| 041 | _afre | ||
| 100 | 1 |
_aRounault, Jean _9188290 |
|
| 245 | 0 | 0 |
_aLa discipline des seigneurs et celle des autres _c Jean Rounault |
| 650 | 0 | 4 |
_aDisciplina _9139135 |
| 773 | 0 |
_tVie Intelectuelle (La) _gnº. 10, 1952, págs. 106-109 _wRev907 |
|
| 942 | _cAR | ||
| 999 |
_c567650 _d567650 |
||